ՀՀ Գիտությունների ազգային ակադեմիայի հիմնարար գիտական գրադարան  =   Fundamental Scientific Library of NAS RA

Մանկապատում / (Record no. 146699)

MARC details
000 -LEADER
fixed length control field 00691nam a2200193 a 4500
001 - CONTROL NUMBER
control field 000385115
003 - CONTROL NUMBER IDENTIFIER
control field AM-YeHGA
005 - DATE AND TIME OF LATEST TRANSACTION
control field 20250618072324.0
008 - FIXED-LENGTH DATA ELEMENTS--GENERAL INFORMATION
fixed length control field 041119s1952 ai 000 | arm d
040 ## - CATALOGING SOURCE
Original cataloging agency AM-YeHGA
041 0# - LANGUAGE CODE
Language code of text/sound track or separate title arm
090 ## - LOCALLY ASSIGNED LC-TYPE CALL NUMBER (OCLC); LOCAL CALL NUMBER (RLIN)
-- 148086
100 1# - MAIN ENTRY--PERSONAL NAME
Personal name Տարոնյան, Էդվարդ,
Dates associated with a name 1896-1960
245 10 - TITLE STATEMENT
Title Մանկապատում /
Statement of responsibility, etc. Եդ. Տարօնեան; Պատկ.՝ Տ. Աճէմեան.
260 ## - PUBLICATION, DISTRIBUTION, ETC.
Place of publication, distribution, etc. Պէյրութ :
Name of publisher, distributor, etc. տպ. Էտվան,
Date of publication, distribution, etc. 1952.
300 ## - PHYSICAL DESCRIPTION
Extent 118 էջ :
Other physical details գուն. նկ. ;
Dimensions 24 սմ.
650 14 - SUBJECT ADDED ENTRY--TOPICAL TERM
Topical term or geographic name entry element Հայ մանկական գրականություն
9 (RLIN) 5413
700 1# - ADDED ENTRY--PERSONAL NAME
Personal name Աճեմյան, Տիրան Մարտիրոսի,
Dates associated with a name 1902-1991
Relator term պատկ.
Relationship art
9 (RLIN) 1822
Holdings
Withdrawn status Lost status Damaged status Not for loan Collection Home library Current library Date acquired Total checkouts Full call number Barcode Date last seen Price effective from Koha item type Public note Source of classification or shelving scheme
        General Fundamental Scientific Library Fundamental Scientific Library 22/12/2016   AIII/6380 FL0076231 22/12/2016 22/12/2016 Գրքեր / Books 30 Days Loan  
        General Fundamental Scientific Library Fundamental Scientific Library 22/12/2016   AIII/6381 FL0076230 22/12/2016 22/12/2016 Գրքեր / Books 30 Days Loan  
        Pogharian Individual Collection Fundamental Scientific Library Fundamental Scientific Library 22/12/2016   Պող/483 FL0313385 22/12/2016 22/12/2016 Գրքեր / Books ILL Non-Circ. Universal Decimal Classification


ՀՀ ԳԱԱ հիմնարար գիտական գրադարան
ՀՀ,Երևան 0019
Մարշալ Բաղրամյան 24/6
հեռախոս:(374-10) 52-47-50
Հետադարձ կապ

All site content, except where otherwise noted, is licensed under a
Creative Commons License